| 000 | 00609nam a22001817a 4500 | ||
|---|---|---|---|
| 003 | OSt | ||
| 005 | 20260126085659.0 | ||
| 008 | 260126b |||||||| |||| 00| 0 eng d | ||
| 020 | _a0-07-256554-3. | ||
| 040 |
_aDWCL-Main lib _cOC |
||
| 082 |
_24th edition _aGR. 973 B858u 2004 |
||
| 100 | _aBrinkley, Alan | ||
| 245 |
_aThe Unfinished nation : _ba concise history of the American people 4th ed. _cBrinkley, Alan |
||
| 260 |
_aN. Y. : _bMcGraw-Hill Co., _cc2004. |
||
| 300 |
_axxxix (various paging) : _bcolored illustration ; _c23 cm. |
||
| 650 | _a1. United States-History. | ||
| 942 |
_2ddc _cGR _e4th ed. _kGR. _n0 |
||
| 999 |
_c7839 _d7839 |
||